Yksikirjaimisia vastauksia - Statistics

Yleistilastot
  • Tätä visaa on pelattu 132 kertaa
  • Keskiarvotulos 12 / 29
Vastaustilastot
New Hint Vastaus % Oikein
Auringonvaloon liittyvä vitamiini D
92%
Yleisin veriryhmä: _+ O
86%
Aloittaa alkuaineiden jaksollisen järjestelmän H
78%
Kuuluu eläintarhaan monessa eurooppalaisessa kielessä Z
71%
Kuin kalastajan koukku J
64%
Kuusikielisen kitaran ylin ja alin kieli E
61%
Tyyli mäkihypyssä V
61%
50 roomalaisin numeroin L
56%
Yleensä pianon alin kosketin A
53%
On osassa Skandinaviaa kirjoitettu myös aa Å
49%
Tuo mieleen taivaankappaleen Q
48%
Tavallisin kirjain alkuaineen nimen lopussa M
45%
Ruotsissa ja virossa, mutta ei unkarissa eikä turkissa Ä
38%
Ei englannissa, mutta kylläkin mm. unkarissa ja turkissa Ö
37%
Juoma tai imperatiivi T
37%
Tarpeen tullen tarpeen C:n edellä W
37%
Täksi on lukusana Y
37%
Puuttuva kirjain tässä sarjassa: I V X L _ D M C
35%
Lämpötilan mittayksikkö SI-järjestelmässä K
35%
Latinalainen vastine kreikan aakkoselle π P
35%
Italialaisen sanan tavallinen monikon pääte I
34%
Ennen merkkejä 2D2 R
33%
Käännös U
33%
Ainut konsonantti, johon japanilainen sana voi päättyä N
21%
Ei 1 eikä 2 X
17%
Puuttuva kirjain tässä sarjassa: Y K K N V K _ K Y K S
9%
11 heksadesimaalilukuna B
7%
Miljardikertainen G
7%
Viittaa kovaan ääneen F
5%
Ehtoja vastaavia visoja ei löytynyt
Tulosjakauma
Jokaisen tuloksen saaneiden osuus
Persentiili vastausten määrän mukaan
Tuloshistoriasi
Et ole pelannut tätä visaa